Food preservation and irradiation. (Record no. 442)
[ view plain ]
| 000 -LEADER | |
|---|---|
| fixed length control field | 00697nam a22002417a 4500 |
| 008 - FIXED-LENGTH DATA ELEMENTS--GENERAL INFORMATION | |
| fixed length control field | 130610b xxu||||| |||| 00| 0 eng d |
| 020 ## - INTERNATIONAL STANDARD BOOK NUMBER | |
| International Standard Book Number | 81-7648-926-3 |
| 024 ## - OTHER STANDARD IDENTIFIER | |
| Terms of availability | Available |
| 037 ## - SOURCE OF ACQUISITION | |
| Terms of availability | Available |
| 040 ## - CATALOGING SOURCE | |
| Original cataloging agency | MBSTU LIBRARY |
| Modifying agency | MBSTU LIBRARY |
| 082 ## - DEWEY DECIMAL CLASSIFICATION NUMBER | |
| Edition number | 22 |
| Classification number | 641.4 MAF |
| 100 ## - MAIN ENTRY--PERSONAL NAME | |
| Personal name | Mahindru, S.N. |
| 245 ## - TITLE STATEMENT | |
| Title | Food preservation and irradiation. |
| 260 ## - PUBLICATION, DISTRIBUTION, ETC. (IMPRINT) | |
| Place of publication, distribution, etc. | New Delhi |
| Name of publisher, distributor, etc. | APH Publishing Corporation. |
| Date of publication, distribution, etc. | 2009 |
| 300 ## - PHYSICAL DESCRIPTION | |
| Extent | 22 cm. |
| Other physical details | 231 page |
| Type of unit | 9 |
| Size of unit | 22 cm. |
| 600 ## - SUBJECT ADDED ENTRY--PERSONAL NAME | |
| Source of heading or term | Food preservation. |
| 650 ## - SUBJECT ADDED ENTRY--TOPICAL TERM | |
| Source of heading or term | Food preservation |
| 700 ## - ADDED ENTRY--PERSONAL NAME | |
| Personal name | Mahindru, S.N. |
| 270 ## - ADDRESS | |
| Address | New Delhi |
| City | New Delhi |
| Country | India |
| 365 ## - TRADE PRICE | |
| Price amount | 784.00 |
| Unit of pricing | 784.00 |
| 942 ## - ADDED ENTRY ELEMENTS (KOHA) | |
| Source of classification or shelving scheme | |
| Koha item type | Books |
No items available.
